000 00922nam a22003017a 4500
001 BR6700082
003 BR-BrBNA
005 20230928083446.0
007 ta
008 230509b bl.||||| |||| 00| 0 por d
040 _aBR-BrBNA
_bpor
_cBiblioteca Nacional de Agricultura
041 _a(Por)
072 _aS00
_b9410
_b/G514
090 _ 9410 BR6700082
100 1 _aCastro, J.L.F. de
110 1 _aUniversidade Federal de Vicosa, MG (Brasil)
_0Tese (Magister Scientiae)
245 1 _aConsumo de leite, na cidade de Belo Horizonte, em relacao a renda escolaridade e idade [Minas Gerais; Brasil]
260 3 _aVicosa, MG (Brasil):
_c1967.
300 _a108 p.
500 _a41 tables; 20 graphs; 38 ref.; Summary (Por)
650 _aNutricao humana
650 _aLeite
650 _aConsumo
650 _aBelo Horizonte
650 _aMinas Gerais
909 _a202309
_bLucia
_c55
_dLucia Elande
942 _cBK
999 _c13592
_d13592